书目信息 |
| 题名: |
水污染物化控制原理与技术
|
|
| 作者: | 罗固源 主编 | |
| 分册: | ||
| 出版信息: | 北京 化学工业出版社 2003 |
|
| 页数: | 323页 | |
| 开本: | 20cm | |
| 丛书名: | ||
| 单 册: | ||
| 中图分类: | X520.6 | |
| 科图分类: | ||
| 主题词: | 水污染--污染控制 , 水污染 , 污染控制 | |
| 电子资源: | ||
| ISBN: | 7-5025-4331-7 | |
| 000 | 00907nam0 2200253 450 | |
| 001 | 002320479 | |
| 005 | 20070805151356.35 | |
| 010 | @a7-5025-4331-7@dCNY26.00 | |
| 100 | @a20030307e20042003em y0chiy0110 ea | |
| 101 | 0 | @achi |
| 102 | @aCN@b110000 | |
| 105 | @ay z 000yy | |
| 106 | @ar | |
| 200 | 1 | @a水污染物化控制原理与技术@Ashui wu ran wu hua kong zhi yuan li yu ji shu@f罗固源主编@Fluo gu yuan zhu bian |
| 210 | @a北京@c化学工业出版社@d2003@h2004重印 | |
| 215 | @a323页@d20cm | |
| 330 | @a本书介绍了水污染及其控制的物理化学原理和技术措施,在内容上力求做到理论与工程设计相结合,并尽量吸取先进国家在水污染控制方面的技术理论和设计方法,以满足污水物化处理技术的设计运行、工程建设及维护管理的实际需要。 | |
| 606 | 0 | @a水污染@x污染控制 |
| 606 | 0 | @a水污染 |
| 606 | 0 | @a污染控制 |
| 690 | @aX520.6@v4 | |
| 701 | 0 | @a罗固源@Aluo gu yuan@4主编 |
| 801 | 0 | @aCN@bNLC@c20070805 |
| 905 | @dX520.6@e81@f4 | |
| 水污染物化控制原理与技术/罗固源主编.-北京:化学工业出版社,2003(2004重印) |
| 323页;20cm |
| ISBN 7-5025-4331-7:CNY26.00 |
| 本书介绍了水污染及其控制的物理化学原理和技术措施,在内容上力求做到理论与工程设计相结合,并尽量吸取先进国家在水污染控制方面的技术理论和设计方法,以满足污水物化处理技术的设计运行、工程建设及维护管理的实际需要。 |
| ● |
| 相关链接 |
|
|
|
|
正题名:水污染物化控制原理与技术
索取号:X520.6/81
 
预约/预借
| 序号 | 登录号 | 条形码 | 馆藏地/架位号 | 状态 | 备注 |
| 1 | 0851057 | 208510574 | 第二样本阅览室/ [索取号:X520.6/81] | 在馆 | |
| 2 | 0851058 | 208510583 | 第三借阅区/ [索取号:X520.6/81] | 在馆 | |
| 3 | 0851059 | 208510592 | 第三借阅区/ [索取号:X520.6/81] | 在馆 | |
| 4 | 0851060 | 208510609 | 第三借阅区/ [索取号:X520.6/81] | 在馆 |